Analyzovanie komunikačného systému v podniku
Analýza komunikačných štruktúr v podniku. Klasifikácia komunikačných sieti. Aspekty komunikačného auditu. Kvalita komunikačných tokov a používaných nástrojov.
Enregistré dans:
| Auteur principal: | |
|---|---|
| Autres auteurs: | |
| Format: | Chapitre de livre |
| Langue: | slovaque |
| Sujets: | |
| Tags: |
Pas de tags, Soyez le premier à ajouter un tag!
|
MARC
| LEADER | 00000nla$a2200000$$$4500 | ||
|---|---|---|---|
| 001 | 0051773 | ||
| 005 | 20231106104300.7 | ||
| 041 | 0 | |a slo | |
| 044 | |a SK | ||
| 245 | 1 | 0 | |a Analyzovanie komunikačného systému v podniku |c Lenka Ondrúšková, Viera Farkašová |
| 520 | |a Analýza komunikačných štruktúr v podniku. Klasifikácia komunikačných sieti. Aspekty komunikačného auditu. Kvalita komunikačných tokov a používaných nástrojov. | ||
| 610 | 2 | 0 | |a komunikácia firemná |
| 610 | 2 | 0 | |a komunikácia interná |
| 610 | 2 | 0 | |a technológie komunikačné |
| 610 | 2 | 0 | |a podnik |
| 610 | 2 | 0 | |a audit |
| 610 | 2 | 0 | |a tok informácií |
| 100 | 1 | |a Ondrúšková, Lenka | |
| 700 | 1 | |a Farkašová, Viera | |